000 00408nam a22001577a 4500
003 MPLRDC
005 20220104114146.0
008 210129b ||||| |||| 00| 0 eng d
082 _a868.71 FXH
100 _a傅兴汉责任编辑
245 _a动地吟. 诗曲集
_c
260 _a马来西亚
_b雪兰莪中华大会堂
_c1989
300 _b64
650 _a马华文学--诗歌
942 _cBK
_o868.71 FXH
999 _c5284
_d5274